|
|
|
|
| LEADER |
00000nam0a2200000 4500 |
| 001 |
191296 |
| 005 |
20231101224337.0 |
| 035 |
|
|
|a (RuTPU)RU\TPU\book\208567
|
| 090 |
|
|
|a 191296
|
| 100 |
|
|
|a 20110204d2010 k y0rusy50 ca
|
| 101 |
0 |
|
|a rus
|
| 102 |
|
|
|a RU
|
| 105 |
|
|
|a a z 001zy
|
| 200 |
1 |
|
|a Горный информационно-аналитический бюллетень. 2010
|h №12
|
| 210 |
|
|
|a Москва
|c Горная книга
|d 2010
|
| 215 |
|
|
|a 422 с.
|c ил.
|
| 320 |
|
|
|a Библиография в конце статей
|
| 606 |
1 |
|
|a Горное дело
|2 stltpush
|3 (RuTPU)RU\TPU\subj\7566
|9 35173
|
| 610 |
1 |
|
|a высшее горное образование
|
| 610 |
1 |
|
|a месторождения
|
| 610 |
1 |
|
|a подземная разработка
|
| 610 |
1 |
|
|a горное производство
|
| 610 |
1 |
|
|a горные процессы
|
| 610 |
1 |
|
|a физико-технический контроль
|
| 610 |
1 |
|
|a экономика
|
| 610 |
1 |
|
|a управление
|
| 610 |
1 |
|
|a горные предприятия
|
| 610 |
1 |
|
|a электрификация
|
| 610 |
1 |
|
|a геодинамика
|
| 610 |
1 |
|
|a высшая математика
|
| 610 |
1 |
|
|a скважинные технологии
|
| 675 |
|
|
|a 622
|v 3
|
| 801 |
|
1 |
|a RU
|b 63413507
|c 20110204
|
| 801 |
|
2 |
|a RU
|b 63413507
|c 20110209
|g RCR
|
| 942 |
|
|
|c BK
|